FIFA World Cup 2010: Final Netherlands vs Spain - Statistics

General Stats
  • This quiz has been taken 414 times
  • The average score is 19 of 30
Answer Stats
# Team Position Player % Correct
6 FC Barcelona MF Andrés Iniesta
95%
1 Real Madrid GK Iker Casillas
94%
8 FC Barcelona MF Xavi
94%
11 Bayern München FW Arjen Robben
93%
9 Arsenal FC FW Robin van Persie
90%
3 FC Barcelona DF Gerard Piqué
89%
15 Real Madrid DF Sergio Ramos
88%
7 Valencia CF FW / out 106' David Villa
87%
5 FC Barcelona DF Carles Puyol
86%
10 Inter Milan MF Wesley Sneijder
82%
9 Liverpool FC MF / in 106' Fernando Torres
81%
14 Real Madrid MF / out 87' Xabi Alonso
78%
16 FC Barcelona MF Sergio Busquets
77%
10 Arsenal FC MF / in 87' Cesc Fàbregas
72%
7 Liverpool FC FW / out 71' Dirk Kuyt
72%
8 Manchester City MF / out 99' Nigel de Jong
71%
18 FC Barcelona FW / out 60' Pedro
70%
6 Bayern München MF Mark van Bommel
62%
1 AFC Ajax GK Maarten Stekelenburg
59%
23 Real Madrid MF / in 99' Rafael van der Vaart
54%
Coach Vicente Del Bosque
54%
11 Villarreal CF DF Joan Capdevila
49%
3 Everton FC DF / red card 109' John Heitinga
48%
5 Feyenoord MF / out 105' Giovanni van Bronckhorst
47%
22 Sevilla FC MF / in 60' Jesús Navas
43%
4 Hamburger SV DF Joris Mathijsen
29%
2 AFC Ajax DF Gregory van der Wiel
28%
17 Hamburger SV FW / in 71' Eljero Elia
22%
Coach Bert van Marwijk
13%
15 Celtic FC DF / in 105' Edson Braafheid
12%
No matching quizzes found
Score Distribution
Percent of People with Each Score
Percentile by Number Answered
Your Score History
You have not taken this quiz